000 00760nam a2200265Ia 4500
005 20260302115801.0
008 008 260114s9999 xx 000 0 eng d
020 _a9798881813413
037 _aTextbook
040 _aCRL
040 _beng
040 _cCRL
041 _2eng
041 _aeng
084 _qCRL
100 _aRachael Houston, Timothy R. Johnson, Eve M. Ringsmuth
_91122651
245 0 _aSCOTUS and COVID How the Media Reacted to the Livestreaming of Supreme Court Oral Arguments
260 _bBloomsbury
260 _bRowman & Littlefield
260 _c2023
650 _aLaw
856 _uhttps://doi.org/10.5040/9798881813413?locatt=label:secondary_bloomsburyCollections
942 _cEBOOK
999 _c1687451
_d1687451